000 003030000a22001090004500
090 _aAS
_bSeriadas
245 1 0 _aDos nuevas Passifloraceas colombianas
041 0 _aEspañol
100 1 _aUribe Uribe, Lorenzo
_996776
942 _cARTICULO
773 1 _tMutisia: Acta Botánica Colombiana
_3893
_h21
_q1-5
_d1954
999 _c15317
_d15317